| 000 | 01048nam a2200289Ia 4500 | ||
|---|---|---|---|
| 003 | OSt | ||
| 005 | 20221005110554.0 | ||
| 006 | a|||||r|||| 00| 0 | ||
| 007 | ta | ||
| 008 | 221004b |||||||| |||| 00| 0 hin d | ||
| 020 |
_a9789326351485 (hbk) _cINR 170.00 |
||
| 024 | _a37071 | ||
| 037 |
_bBW/1691, 15/03/2018, Bookwell _cTextual |
||
| 040 |
_aCRL _cCRL _bhin |
||
| 041 |
_2hin _ahin |
||
| 082 | _aO152,3N306,CD, Q3 | ||
| 100 | _aहृरदयेश, ले. | ||
| 245 | 0 | _aचार दरवेश | |
| 246 | _aChār daravesha | ||
| 260 |
_aनई दिल्ली _bभारतीय ज्ञानपीठ भारत _c2013 |
||
| 300 |
_a172पृ0 _ccm. |
||
| 490 | _aलोकोदय ग्रन्थमाला; ग्रन्थांक 1074 | ||
| 650 | _a हिन्दी साहित्य | ||
| 650 | _aहिन्दी कहानी | ||
| 942 |
_hO152,3N306,CD, Q3 _cTEXL _2cc |
||
| 999 |
_c1019247 _d1019247 |
||